|
|
|
|
| LEADER |
00805nta a2200205 i 4500 |
| 001 |
dipl86285 |
| 005 |
20200526123904.0 |
| 008 |
200526s2018 hu om 0|| hun d |
| 040 |
|
|
|a SZTE Diploma Repozitórium
|b hun
|
| 041 |
|
|
|a hun
|
| 100 |
1 |
|
|a Pécsy Szabolcs
|
| 245 |
1 |
0 |
|a Foszfonált 13a-ösztron származékok szintézise Hirao-keresztkapcsolással
|h [elektronikus dokumentum] /
|c Szabolcs Pécsy
|
| 246 |
1 |
0 |
|a Synthesis of phosphonated 13?-estrone derivates via Hirao coupling
|h [elektronikus dokumentum]
|
| 260 |
|
|
|c 2018
|
| 650 |
|
4 |
|a Természettudományok
|
| 650 |
|
4 |
|a Organic chemistry
|
| 650 |
|
4 |
|a Pharmacology and pharmacy
|
| 700 |
0 |
1 |
|a Mernyák Erzsébet
|e ths
|
| 700 |
0 |
1 |
|a Jójárt Rebeka
|e ths
|
| 856 |
4 |
0 |
|u https://diploma.bibl.u-szeged.hu/id/eprint/86285/2/2019_pecsy_szabolcs.pdf
|z Dokumentum-elérés
|